Click Timeline : Technological Progress and Major Inventions - Statistics

General Stats
  • This quiz has been taken 80 times
  • The average score is 9 of 15
Answers on the Map
Answers color-coded by a green-red scale on the quiz's map according to % correct below.
 
Answer Stats
Answer % Correct
Creation of Google
82%
Mastery of fire
82%
Birth of writing
74%
Invention of television
74%
Invention of the wheel
71%
Invention of the printing press
68%
Invention of the first microcomputer
65%
Invention of paper
62%
Appearance of the compass in Europe
59%
Improvement of the electric light bulb
44%
Invention of photography
41%
Invention of the first vaccine
38%
Invention of the telephone
32%
Invention of the first automobile
29%
Invention of the mechanical clock
29%
No matching quizzes found
Score Distribution
Percent of People with Each Score
Percentile by Number Answered
Your Score History
You have not taken this quiz